000 00565nam a22002057a 4500
003 0
005 20220808141821.0
008 220808b xxu||||| |||| 00| 0 eng d
020 _a978-621-04-0102-8
050 _aFIL G156.5
_b.C78 2019
245 _aSustainable tourism
_cReil G. Cruz
250 _a1st. ed.
260 _aManila
_bRex bookstore Inc.
_cC2019
300 _aix,218pp.
_c25cm
_eIncludes index.
_fBook
500 _aSustainable tourism.
500 _aEcotourism.
500 _aTourism--environment aspects.
500 _aTourism.
942 _2lcc
_cBK
999 _c364768
_d364768